000 00550nam a2200169Ia 4500
003 GCL
008 140319s9999 xx 000 0 ara d
040 _aGCL /
_cGCL
082 0 4 _aق
_b330.962
_bن ا
245 1 0 _aاستقلال مصر الاقتصادى : تاريخة ومستقبل المصريين
300 _a215 ص
490 _aكتاب
_v0
650 0 4 _aالاقتصاد - تاريخ
650 0 4 _aمصر - الاحوال الاقتصادية
650 0 4 _aمصر - تاريخ - العصر الحديث (1805 - 1956 )
942 _2ddc
_cBK
999 _c43111
_d43111